The science of animal growth and meat technology / (Record no. 31708)

000 -LEADER
fixed length control field 01285cam a2200313 i 4500
001 - CONTROL NUMBER
control field 20463229
005 - DATE AND TIME OF LATEST TRANSACTION
control field 20230718095249.0
008 - FIXED-LENGTH DATA ELEMENTS--GENERAL INFORMATION
fixed length control field 180420s2019 enka 001 0 eng
010 ## - LIBRARY OF CONGRESS CONTROL NUMBER
LC control number 2018942038
020 ## - INTERNATIONAL STANDARD BOOK NUMBER
International Standard Book Number 9780128152775
040 ## - CATALOGING SOURCE
Original cataloging agency DLC
Language of cataloging eng
Description conventions rda
Transcribing agency DLC
042 ## - AUTHENTICATION CODE
Authentication code pcc
050 00 - LIBRARY OF CONGRESS CALL NUMBER
Classification number TX 556.M53 2019
100 1# - MAIN ENTRY--PERSONAL NAME
Personal name Lonergan, Steven Michael,
Relator term author.
245 14 - TITLE STATEMENT
Title The science of animal growth and meat technology /
Statement of responsibility, etc. Steven M. Lonergan, David G. Topel, Dennis N. Marple, Iowa State University.
250 ## - EDITION STATEMENT
Edition statement Second edition.
300 ## - PHYSICAL DESCRIPTION
Extent xix, 280 pages :
Other physical details illustrations ;
Dimensions 24 cm
500 ## - GENERAL NOTE
General note Revised edition of: The Science of Animal Growth & Meat Technology / David G. Topel, Dennis N. Marple, Steven M. Lonergan, F.C. Parrish Jr. 2013.
500 ## - GENERAL NOTE
General note Includes index.
650 #0 - SUBJECT ADDED ENTRY--TOPICAL TERM
Topical term or geographic name as entry element Meat
Form subdivision Textbooks.
650 #0 - SUBJECT ADDED ENTRY--TOPICAL TERM
Topical term or geographic name as entry element Meat
General subdivision Quality
Form subdivision Textbooks.
650 #0 - SUBJECT ADDED ENTRY--TOPICAL TERM
Topical term or geographic name as entry element Meat
General subdivision Research
Form subdivision Textbooks.
650 #0 - SUBJECT ADDED ENTRY--TOPICAL TERM
Topical term or geographic name as entry element Meat industry and trade
Form subdivision Textbooks.
700 1# - ADDED ENTRY--PERSONAL NAME
Personal name Topel, David G.,
Relator term author.
700 1# - ADDED ENTRY--PERSONAL NAME
Personal name Marple, Dennis Neil,
Dates associated with a name 1945-
Relator term author.
906 ## - LOCAL DATA ELEMENT F, LDF (RLIN)
a 7
b cbc
c orignew
d 2
e epcn
f 20
g y-gencatlg
942 ## - ADDED ENTRY ELEMENTS (KOHA)
Source of classification or shelving scheme
Koha item type Hard Covered Materials
Classification part TX 556 .M53 2019
Holdings
Withdrawn status Lost status Source of classification or shelving scheme Damaged status Not for loan Home library Current library Shelving location Date acquired Source of acquisition Total Checkouts Full call number Barcode Date last seen Price effective from Koha item type
          MACHAKOS UNIVERSITY LIBRARY MACHAKOS UNIVERSITY LIBRARY Open shelf 18/07/2023 Donation (falcon books)   TX 556.M53 2019 39503 18/07/2023 18/07/2023 Hard Covered Materials
© Machakos University Library, Along The Highway, Machakos Wote Rd, Machakos, Kenya P.O. Box 136 - 90100 Machakos - Kenya

Tel: ( +254 ) 723 805829 OR Fax : 044-20353 OR Email: library@mksu.ac.ke